[Event "Andalucia-chB"]
[Site "Algeciras"]
[Date "2018.05.20"]
[Round "6"]
[White "Pro Gil, Vicente"]
[Black "Gutierrez Morales, Antonio"]
[Result "1-0"]
[WhiteElo "1569"]
[BlackElo "1306"]
[PlyCount "79"]
[EventDate "2018.05.18"]
[EventType "swiss"]
[EventRounds "6"]
[EventCountry "ESP"]
[SourceTitle "EXT 2020"]
[Source "ChessBase"]
[SourceDate "2019.10.17"]
[SourceVersion "1"]
[SourceVersionDate "2019.10.17"]
[SourceQuality "1"]

1. e4 c5 2. Nf3 d6 3. d4 cxd4 4. Nxd4 Nf6 5. Nc3 a6 6. Be3 b5 7. Qd2 Bb7 8. f3 e6 9. g4 Be7 10. 0-0-0 Nfd7 11. Kb1 Ne5 12. h3 Nc4 13. Bxc4 bxc4 14. Qe2 Qc7 15. h4 Nd7 16. g5 Rc8 17. h5 Qd8 18. g6 h6 19. gxf7+ Kxf7 20. Qg2 Bg5 21. f4 Bf6 22. Qg6+ Ke7 23. Qg4 Qg8 24. Rhg1 Nc5 25. Bf2 Qf7 26. Qe2 Nd7 27. Rg2 Rhg8 28. Qg4 Nc5 29. Bh4 Nxe4 30. Nxe4 Bxe4 31. Re2 Bd5 32. Nxe6 Bxe6 33. Rde1 Bxh4 34. Rxe6+ Kf8 35. Qxh4 Re8 36. Rxe8+ Qxe8 37. Rxe8+ Kxe8 38. Qg4 Kd8 39. Kc1 Kc7 40. Qe6 1-0

[Event "Andalucia-chB"]
[Site "Roquetas de Mar"]
[Date "2017.05.21"]
[Round "6"]
[White "Gutierrez Morales, Antonio"]
[Black "Lorente Serrano, Rosa Adela"]
[Result "0-1"]
[WhiteElo "1336"]
[BlackElo "1486"]
[PlyCount "50"]
[EventDate "2017.05.19"]
[EventType "swiss"]
[EventRounds "6"]
[EventCountry "ESP"]
[SourceTitle "EXT 2020"]
[Source "ChessBase"]
[SourceDate "2019.10.17"]
[SourceVersion "1"]
[SourceVersionDate "2019.10.17"]
[SourceQuality "1"]

1. e4 e5 2. Nf3 Nc6 3. Bc4 Bc5 4. c3 Nf6 5. d4 exd4 6. cxd4 Bb4+ 7. Nc3 Nxe4 8. 0-0 Bxc3 9. d5 Ne7 10. bxc3 0-0 11. Qd3 Nd6 12. Bb3 a5 13. Re1 Ng6 14. Bc2 b6 15. Qd1 Ba6 16. Ne5 Nxe5 17. Rxe5 Qf6 18. Re3 Rae8 19. Rg3 Re2 20. Rf3 Qe5 21. Be3 Ne4 22. Bxe4 Qxe4 23. Rf4 Qe5 24. Qb3 d6 25. Rc1 Rxe3 0-1